| 000 | 00702nam a2200289Ia 4500 | ||
|---|---|---|---|
| 005 | 20260324134636.0 | ||
| 008 | 008 260324s9999 xx 000 0 eng d | ||
| 020 | _a9780203303207 | ||
| 037 | _aEBOOK | ||
| 040 | _aCRL | ||
| 040 | _beng | ||
| 040 | _cCRL | ||
| 041 | _2eng | ||
| 041 | _aeng | ||
| 084 | _qCRL | ||
| 100 |
_aAndre Manseau; George Seaden _91197603 |
||
| 245 | 0 | _aInnovation in Construction | |
| 245 | 3 | _bAn International Review of Public Policies | |
| 260 | _bTaylor and Francis | ||
| 260 | _c2001 | ||
| 365 | _a | ||
| 365 | _b225 | ||
| 856 | _uhttp://www.taylorfrancis.com/books/9780203303207 | ||
| 942 | _cEBOOK | ||
| 999 |
_c1797887 _d1797887 |
||